[Event "Cto de Aragon por Equipos D. Honor"]
[Site "?"]
[Date "2020.02.22"]
[Round "5.24"]
[White "Lorente Melcon, Nicolas"]
[Black "Martin Catalan, Juan Vicente"]
[Result "0-1"]
[WhiteElo "1673"]
[BlackElo "1977"]
[PlyCount "50"]
[EventDate "2020.01.25"]
[WhiteTeam "Helios"]
[BlackTeam "Teruel"]

1. e4 c5 2. Nc3 g6 3. Bc4 Bg7 4. Qf3 e6 5. Nb5 d6 6. Qg3 Bf8 7. a4 Nc6 8. Qc3
e5 9. Ne2 Be6 10. O-O Nd4 11. f4 a6 12. Na3 b5 13. fxe5 Bxc4 14. Nxd4 Bxf1 15.
Kxf1 b4 16. Qd3 dxe5 17. Nb1 exd4 18. Qg3 Qf6+ 19. Kg1 Bd6 20. Qg4 Qf4 21. Qh3
Nf6 22. Na3 Nxe4 23. g3 Qf2+ 24. Kh1 Bxg3 25. hxg3 Nxg3+ 0-1

[Event "Cto de Aragon por Equipos D. Honor"]
[Site "?"]
[Date "2020.02.22"]
[Round "5.25"]
[White "Cifuentes Parada, Roberto"]
[Black "Montes Santos, Lorenzo"]
[Result "1-0"]
[WhiteElo "2428"]
[BlackElo "2064"]
[PlyCount "31"]
[EventDate "2020.01.25"]
[WhiteTeam "Jaque"]
[BlackTeam "Agrupacion B"]

1. Nf3 Nf6 2. c4 g6 3. Nc3 Bg7 4. e4 O-O 5. d4 c5 6. Be2 d6 7. O-O Na6 8. d5
Bg4 9. Bg5 Nc7 10. Qd2 e5 11. Rab1 b6 12. Nxe5 Bxe2 13. Nc6 Bxf1 14. Nxd8 Rfxd8
15. Rxf1 Re8 16. Qf4 1-0

[Event "Cto de Aragon por Equipos D. Honor"]
[Site "?"]
[Date "2020.02.22"]
[Round "5.26"]
[White "Garcia Morales, Roberto"]
[Black "Escartin Lacasa, Jose"]
[Result "0-1"]
[WhiteElo "2039"]
[BlackElo "2125"]
[PlyCount "63"]
[EventDate "2020.01.25"]
[WhiteTeam "Agrupacion B"]
[BlackTeam "Jaque"]

1. e4 c5 2. b4 cxb4 3. d4 d5 4. exd5 Nf6 5. c4 bxc3 6. Nxc3 Nxd5 7. Bd2 Nc6 8.
Nf3 e6 9. a3 Be7 10. Bd3 O-O 11. O-O Re8 12. Ne4 f5 13. Ng3 Bf6 14. Nh5 Bxd4
15. Bg5 Qd6 16. Nxd4 Nxd4 17. Bc4 Nc3 18. Qe1 b5 19. Qxc3 bxc4 20. Kh1 Bb7 21.
Rad1 e5 22. f4 Qg6 23. Ng3 h6 24. fxe5 Qc6 25. Qb2 c3 26. Qa2+ Ne6 27. Bc1 Rad8
28. Rxd8 Rxd8 29. Nxf5 Kh8 30. Nd6 c2 31. Rg1 Rf8 32. Qxe6 0-1

[Event "Cto de Aragon por Equipos D. Honor"]
[Site "?"]
[Date "2020.02.22"]
[Round "5.27"]
[White "Ereza Vizcarra, Fernando"]
[Black "Barros Gutierrez, Angel Luis"]
[Result "1-0"]
[WhiteElo "2097"]
[BlackElo "2038"]
[PlyCount "75"]
[EventDate "2020.01.25"]
[WhiteTeam "Jaque"]
[BlackTeam "Agrupacion B"]

1. Nf3 g6 2. c4 Bg7 3. Nc3 c5 4. d4 cxd4 5. Nxd4 Nc6 6. e3 Nf6 7. g3 Nxd4 8.
exd4 d5 9. c5 O-O 10. Bg2 b6 11. O-O bxc5 12. dxc5 Bb7 13. Bg5 e6 14. b4 h6 15.
Be3 Ne4 16. Nxe4 dxe4 17. Rc1 Bc6 18. Qb3 Bd5 19. Qb1 f5 20. Rfd1 Rb8 21. c6
Qc7 22. Bf1 g5 23. b5 f4 24. Bd4 fxg3 25. hxg3 Bxd4 26. Rxd4 Qf7 27. Qc2 Kh8
28. Qd2 Qh5 29. Bg2 Rxb5 30. c7 Rc8 31. Bxe4 Qf7 32. Bxd5 exd5 33. Qc3 Kg8 34.
Qc6 Rb2 35. Qxd5 Rxf2 36. Qd8+ Qf8 37. Qxc8 Qxc8 38. Kxf2 1-0

[Event "Cto de Aragon por Equipos D. Honor"]
[Site "?"]
[Date "2020.02.22"]
[Round "5.28"]
[White "Carruez Gracia, Eduardo"]
[Black "Buisac Anadon, Pablo"]
[Result "0-1"]
[WhiteElo "1885"]
[BlackElo "2020"]
[PlyCount "72"]
[EventDate "2020.01.25"]
[WhiteTeam "Agrupacion B"]
[BlackTeam "Jaque"]

1. e4 c5 2. d4 cxd4 3. c3 g6 4. Nf3 Bg7 5. Bc4 Nc6 6. O-O e6 7. cxd4 d5 8. exd5
exd5 9. Bb5 Nge7 10. Bg5 f6 11. Bf4 O-O 12. Qd2 Bg4 13. Be2 g5 14. Be3 Qd7 15.
Nc3 Rae8 16. Ne1 Bxe2 17. Nxe2 Nf5 18. Nc2 Re7 19. Ng3 Nd6 20. b3 h6 21. f4
Rfe8 22. Nh5 Ne4 23. Qd1 Bh8 24. f5 Qd6 25. Qg4 Rc8 26. Nf4 Nd8 27. Ne1 Rc3 28.
Ned3 Bg7 29. Rad1 gxf4 30. Bxf4 Qb6 31. Nf2 Nf7 32. Qg6 Nxf2 33. Rxf2 Re4 34.
Be5 Nxe5 35. Qe8+ Kh7 36. dxe5 Rxe5 0-1

[Event "Cto de Aragon por Equipos D. Honor"]
[Site "?"]
[Date "2020.02.22"]
[Round "5.29"]
[White "Abril Avellanas, Eduardo"]
[Black "Accattato Martin, Mario"]
[Result "1/2-1/2"]
[WhiteElo "2175"]
[BlackElo "2223"]
[PlyCount "111"]
[EventDate "2020.01.25"]
[WhiteTeam "Atletismo Huesca"]
[BlackTeam "Monzon"]

1. d4 d5 2. Nf3 Nf6 3. c4 c6 4. Nc3 g6 5. cxd5 cxd5 6. Bf4 Bg7 7. e3 O-O 8. h3
a6 9. Be2 b5 10. O-O Bb7 11. Nd2 Nbd7 12. b4 Ne4 13. Ncxe4 dxe4 14. Nb3 e5 15.
Bg3 exd4 16. Nxd4 Qe7 17. a4 bxa4 18. Qxa4 Nb6 19. Qa5 Nd5 20. Qc5 Rfc8 21.
Qxe7 Nxe7 22. b5 a5 23. Ra3 Nf5 24. Nxf5 gxf5 25. Rb1 Rc3 26. Ra4 Rc2 27. Bd1
Rb2 28. Rxb2 Bxb2 29. Bc7 Bc3 30. Bb3 Bb4 31. Ra1 Kf8 32. g4 fxg4 33. hxg4 Ke7
34. g5 Rg8 35. Bxa5 Rxg5+ 36. Kf1 Rxb5 37. Bxb4+ Rxb4 38. Bd1 Bd5 39. Kg2 Kf6
40. Ra6+ Kg7 41. Bg4 Rb5 42. Kg3 Rc5 43. Rb6 Bc6 44. Kf4 h5 45. Bf5 Rc2 46. Kg5
h4 47. Kxh4 Rxf2 48. Kg4 Bd5 49. Rd6 Ba8 50. Ra6 Bb7 51. Rb6 Bd5 52. Rd6 Rd2
53. Kf4 Rd3 54. Ke5 Be6 55. Rxd3 exd3 56. Bxd3 1/2-1/2

[Event "Cto de Aragon por Equipos D. Honor"]
[Site "?"]
[Date "2020.02.22"]
[Round "5.30"]
[White "Arrieta Restrepo, Steven"]
[Black "Luis Vitalla, Fernando"]
[Result "0-1"]
[WhiteElo "2051"]
[BlackElo "2115"]
[PlyCount "74"]
[EventDate "2020.01.25"]
[WhiteTeam "Monzon"]
[BlackTeam "Atletismo Huesca"]

1. e4 e5 2. Nf3 Nc6 3. d4 exd4 4. Nxd4 Nf6 5. Nxc6 bxc6 6. e5 Qe7 7. Qe2 Nd5 8.
c4 Ba6 9. b3 g5 10. g3 Bg7 11. Bb2 O-O-O 12. Bg2 Rde8 13. O-O h5 14. Re1 h4 15.
Qd2 Nb6 16. Qa5 Kb7 17. Nc3 hxg3 18. hxg3 f5 19. exf6 Qxe1+ 20. Rxe1 Rxe1+ 21.
Bf1 Bf8 22. Kg2 d5 23. Nb5 Rb1 24. Nxc7 Bxc4 25. bxc4 Rxb2 26. Ne6 Bb4 27. Nc5+
Ka8 28. Qa6 Bxc5 29. Kf3 Rxf2+ 30. Kg4 Rxf1 31. cxd5 Rxf6 32. dxc6 Rxc6 33. Qb5
Rhc8 34. Kxg5 Bd6 35. Kg6 Bxg3+ 36. Kf7 R8c7+ 37. Ke8 Bd6 0-1

[Event "Cto de Aragon por Equipos D. Honor"]
[Site "?"]
[Date "2020.02.22"]
[Round "5.31"]
[White "Salamero Pelay, Fernando"]
[Black "Barranco Mananet, Fernando"]
[Result "1-0"]
[WhiteElo "2075"]
[BlackElo "2034"]
[PlyCount "141"]
[EventDate "2020.01.25"]
[WhiteTeam "Atletismo Huesca"]
[BlackTeam "Monzon"]

1. e4 e6 2. d4 d5 3. Nc3 Nf6 4. e5 Nfd7 5. f4 c5 6. Nf3 Nc6 7. Be3 Be7 8. Qd2
O-O 9. O-O-O a6 10. h4 b5 11. dxc5 Nxc5 12. Bd3 Nxd3+ 13. Qxd3 f6 14. exf6 Bxf6
15. Ng5 Bxg5 16. hxg5 g6 17. Rh6 Rf7 18. Rdh1 Ne7 19. Bd4 e5 20. Bxe5 Bf5 21.
Qd4 b4 22. Qxb4 Rc8 23. Bf6 Rc4 24. Qb3 Qc7 25. Be5 Qa7 26. g4 Be6 27. Qb8+
Qxb8 28. Bxb8 Bxg4 29. Re1 Rc8 30. Bd6 Nf5 31. Rh2 Nxd6 32. Nxd5 Kg7 33. Nf6
Bh5 34. Re6 Rd8 35. Rxd6 Rxd6 36. Ne8+ Kf8 37. Nxd6 Rxf4 38. c4 Rg4 39. c5 Ke7
40. Rd2 Kd7 41. Nc4+ Kc7 42. Ne5 Rxg5 43. Rd7+ Kc8 44. Re7 Kd8 45. Re6 Rg1+ 46.
Kc2 Bg4 47. Rxa6 Bf5+ 48. Kc3 h5 49. b4 Rc1+ 50. Kd4 Rd1+ 51. Kc4 h4 52. b5 h3
53. Ra8+ Bc8 54. Nc6+ Kd7 55. Ra7+ Ke6 56. Rh7 Rc1+ 57. Kb4 Kd5 58. Ne7+ Kd4
59. Nxc8 Rc4+ 60. Ka5 Rxc5 61. Ne7 Rh5 62. Nf5+ Ke5 63. Rxh5 gxh5 64. Ng3 Kf4
65. Nh1 Kf3 66. b6 Kg2 67. b7 Kxh1 68. b8=Q h4 69. Qh8 Kg2 70. Qxh4 h2 71. Kb5
1-0

[Event "Cto de Aragon por Equipos D. Honor"]
[Site "?"]
[Date "2020.02.22"]
[Round "5.32"]
[White "Hidalgo Gracia, Andres"]
[Black "Gella Lopez, Angel"]
[Result "1-0"]
[WhiteElo "1818"]
[BlackElo "2083"]
[PlyCount "61"]
[EventDate "2020.01.25"]
[WhiteTeam "Monzon"]
[BlackTeam "Atletismo Huesca"]

1. c4 c5 2. Nc3 Nf6 3. e4 Nc6 4. g3 e6 5. Bg2 d6 6. Nge2 a6 7. O-O Be7 8. d3
O-O 9. h3 Bd7 10. Be3 Rb8 11. Qd2 b5 12. f4 b4 13. Nd1 Ne8 14. b3 Bf6 15. Rc1
Nd4 16. Nxd4 Bxd4 17. Bxd4 cxd4 18. e5 Qc7 19. exd6 Nxd6 20. Qb2 Qc5 21. Re1 f6
22. Nf2 e5 23. Bd5+ Kh8 24. fxe5 fxe5 25. Rxe5 Nf5 26. g4 Nh4 27. Rh5 Qc7 28.
Ne4 Nf3+ 29. Kh1 g6 30. Rh4 Nxh4 31. Qxd4+ 1-0

[Event "Cto de Aragon por Equipos Preferente"]
[Site "?"]
[Date "2020.02.22"]
[Round "5.33"]
[White "Aribau Rivas, Miguel Angel"]
[Black "Malo Guillen, Jose Luis"]
[Result "1/2-1/2"]
[WhiteElo "2026"]
[BlackElo "2099"]
[PlyCount "112"]
[EventDate "2020.??.??"]
[WhiteTeam "Fraga"]
[BlackTeam "Las Fuentes A"]

1. e4 e5 2. Nf3 Nc6 3. Bc4 Bc5 4. c3 Nf6 5. d3 a6 6. Nbd2 d6 7. O-O O-O 8. Bb3
Ba7 9. Nc4 h6 10. Re1 Re8 11. Be3 b5 12. Ncd2 Bxe3 13. Rxe3 Na5 14. Bc2 c5 15.
a4 Bb7 16. axb5 axb5 17. c4 b4 18. Ba4 Bc6 19. Re1 Re7 20. Bxc6 Nxc6 21. Qc2
Rea7 22. Rxa7 Rxa7 23. Nf1 Qa8 24. Ne3 Ra1 25. Rc1 g6 26. h3 Kg7 27. g3 Qa2 28.
Rxa1 Qxa1+ 29. Kg2 Qa2 30. Nd5 Nxd5 31. cxd5 Nd4 32. Nxd4 exd4 33. h4 b3 34.
Qc1 Qa6 35. Qc4 Qa2 36. Qc1 Qa6 37. Qc4 Qxc4 38. dxc4 f5 39. exf5 gxf5 40. Kf3
Kg6 41. Kf4 Kh5 42. f3 d3 43. Ke3 f4+ 44. gxf4 Kxh4 45. Kxd3 Kh5 46. Ke4 Kg6
47. f5+ Kf6 48. Kf4 h5 49. Kg3 Kxf5 50. Kh4 Kf4 51. Kxh5 Kxf3 52. Kg5 Ke4 53.
Kf6 Kd3 54. Ke6 Kc2 55. Kxd6 Kxb2 56. Kxc5 Kc3 1/2-1/2

[Event "Cto de Aragon por Equipos Preferente"]
[Site "?"]
[Date "2020.02.22"]
[Round "5.34"]
[White "Alonso Blasco, Jose Miguel"]
[Black "Chine Infantes, Miguel Angel"]
[Result "1/2-1/2"]
[WhiteElo "1955"]
[BlackElo "1799"]
[PlyCount "125"]
[EventDate "2020.??.??"]
[WhiteTeam "Las Fuentes A"]
[BlackTeam "Fraga"]

1. e4 b6 2. d4 Bb7 3. Nd2 e6 4. Ngf3 Nf6 5. Bd3 d6 6. Qe2 Nbd7 7. O-O g6 8. Re1
Bg7 9. Nf1 h6 10. Ng3 O-O 11. Be3 Qe7 12. e5 Ng4 13. exd6 Qxd6 14. Ne4 Qe7 15.
Bd2 Ngf6 16. Rad1 Nxe4 17. Bxe4 Bxe4 18. Qxe4 Nf6 19. Qh4 g5 20. Nxg5 Nh7 21.
Nf3 Qxh4 22. Nxh4 Rad8 23. c3 Rd5 24. Be3 Rfd8 25. Rc1 Bf6 26. Nf3 Ng5 27. Nxg5
Bxg5 28. Kf1 Kg7 29. Ke2 e5 30. dxe5 Bxe3 31. fxe3 Rd2+ 32. Kf3 Rxb2 33. Re2
Rdd2 34. Rxd2 Rxd2 35. Ra1 a5 36. a4 Kg6 37. h3 Kf5 38. Ra3 Kxe5 39. g3 f5 40.
Ra1 h5 41. h4 Rc2 42. Ra3 Rc1 43. Rb3 Rf1+ 44. Ke2 Ra1 45. Kd3 Rxa4 46. Rb5+
Ke6 47. c4 Ra3+ 48. Kd2 Ra2+ 49. Kd3 Rg2 50. c5 bxc5 51. Rxa5 Kd5 52. Ra1 c4+
53. Kc3 Rxg3 54. Rd1+ Ke5 55. Rd7 f4 56. Rxc7 Rh3 57. Rc5+ Kd6 58. Rxh5 Rxe3+
59. Kxc4 Rh3 60. Kd4 Re3 61. Rh6+ Ke7 62. Rh7+ Ke6 63. Rc7 1/2-1/2

[Event "Cto de Aragon por Equipos Preferente"]
[Site "?"]
[Date "2020.02.22"]
[Round "5.35"]
[White "Casas Chine, German"]
[Black "Matamoros Villarreal, Antonio"]
[Result "1/2-1/2"]
[WhiteElo "1787"]
[BlackElo "1912"]
[PlyCount "97"]
[EventDate "2020.??.??"]
[WhiteTeam "Fraga"]
[BlackTeam "Las Fuentes A"]

1. e4 e5 2. Nf3 Nf6 3. Nc3 Nc6 4. Bc4 Bb4 5. d3 h6 6. O-O O-O 7. h3 Re8 8. Be3
d6 9. a3 Ba5 10. Nd5 Nxd5 11. Bxd5 Be6 12. c4 Bb6 13. Qd2 Nd4 14. Nxd4 exd4 15.
Bf4 Bc8 16. c5 dxc5 17. Rac1 c6 18. Bb3 Qe7 19. Bg3 Be6 20. Bd1 Rac8 21. f4 f6
22. Bh5 Bf7 23. Bg4 Be6 24. Bh5 Rf8 25. Bh4 Qd6 26. Bg6 Bf7 27. Bf5 Rce8 28.
Rf3 Kh8 29. Rg3 Bc7 30. Rf1 Rg8 31. Bg6 Bxg6 32. Rxg6 Kh7 33. f5 Qh2+ 34. Kf2
Qf4+ 35. Qxf4 Bxf4 36. Kf3 Be5 37. b3 a5 38. Be1 Ra8 39. g4 a4 40. b4 Bd6 41.
h4 cxb4 42. axb4 a3 43. Bd2 a2 44. Ra1 Ra3 45. Ke2 Be7 46. e5 fxe5 47. g5 h5
48. Re6 Bd8 49. Rxe5 1/2-1/2

[Event "Cto de Aragon por Equipos Preferente"]
[Site "?"]
[Date "2020.02.22"]
[Round "5.36"]
[White "Querol Soro, Sergio"]
[Black "Canales Navarro, Carlos"]
[Result "1/2-1/2"]
[WhiteElo "1870"]
[BlackElo "1561"]
[PlyCount "63"]
[EventDate "2020.??.??"]
[WhiteTeam "Las Fuentes A"]
[BlackTeam "Fraga"]

1. b4 c6 2. Bb2 a5 3. a3 Nf6 4. e3 e6 5. b5 b6 6. c4 Bb7 7. Nf3 c5 8. Be2 Be7
9. O-O O-O 10. d4 d6 11. dxc5 dxc5 12. Ne5 Nfd7 13. Bf3 Qc7 14. Nd3 Nf6 15. Be5
Qc8 16. Nc3 Nbd7 17. Bg3 Bd8 18. Ne5 Nxe5 19. Bxe5 Be7 20. Qe2 Nd7 21. Bg3 Bf6
22. Rac1 Ne5 23. Be4 g6 24. Rfd1 Bg7 25. Rd6 Bxe4 26. Nxe4 Qc7 27. Qc2 Rfd8 28.
Rcd1 Qe7 29. Bxe5 Bxe5 30. Rxd8+ Rxd8 31. Rxd8+ Qxd8 32. a4 1/2-1/2

[Event "Cto de Aragon por Equipos Preferente"]
[Site "?"]
[Date "2020.02.22"]
[Round "5.37"]
[White "Villalba Embid, Marcos"]
[Black "Hinojar Basa, Alfonso"]
[Result "0-1"]
[WhiteElo "2054"]
[BlackElo "2170"]
[PlyCount "130"]
[EventDate "2020.??.??"]
[WhiteTeam "IberCaja B"]
[BlackTeam "Marcos Frechin A"]

1. e4 e6 2. d4 d5 3. e5 c5 4. c3 Qb6 5. Nf3 Nc6 6. Be2 f6 7. O-O fxe5 8. dxe5
g6 9. Bd3 Bg7 10. Qe2 Nge7 11. Re1 O-O 12. Nbd2 Bd7 13. Nf1 Rae8 14. h4 Rxf3
15. Qxf3 Nxe5 16. Qe2 Nxd3 17. Qxd3 Bb5 18. Qh3 Nf5 19. h5 e5 20. hxg6 hxg6 21.
Ne3 Qe6 22. c4 Nxe3 23. Qxe6+ Rxe6 24. Bxe3 Bxc4 25. Bxc5 e4 26. b3 Bxa1 27.
bxc4 Bc3 28. cxd5 Bxe1 29. dxe6 b6 30. Bd4 Kf8 31. Bf6 Bb4 32. Kf1 Be7 33. Bd4
Bg5 34. Ke2 Ke7 35. f3 exf3+ 36. Kxf3 Kxe6 37. Ke4 Be7 38. a4 Bc5 39. Be5 a6
40. Bc3 b5 41. axb5 axb5 42. Bh8 Be7 43. Bc3 b4 44. Bd2 b3 45. Kd3 Bf6 46. Ba5
Kf5 47. Bc7 Be5 48. Bb6 g5 49. Ba5 g4 50. Bb6 b2 51. Kc2 Bf6 52. Bg1 Ke4 53.
Bc5 Bd4 54. Bd6 Ke3 55. Bg3 Ke2 56. Bd6 Kf2 57. g3 Kf3 58. Bc7 Bf2 59. Kxb2
Bxg3 60. Bb6 Be5+ 61. Kc2 Ke2 62. Bc5 g3 63. Bg1 g2 64. Kc1 Bg3 65. Kc2 Kf1 0-1

[Event "Cto de Aragon por Equipos Preferente"]
[Site "?"]
[Date "2020.02.22"]
[Round "5.38"]
[White "Jario Garcia, Ricardo"]
[Black "Torcal Miguel, Oscar"]
[Result "0-1"]
[WhiteElo "2078"]
[BlackElo "2046"]
[PlyCount "78"]
[EventDate "2020.??.??"]
[WhiteTeam "Marcos Frechin A"]
[BlackTeam "IberCaja B"]

1. c4 e5 2. d3 Nf6 3. Nf3 Nc6 4. a3 a5 5. g3 Bc5 6. Nc3 h6 7. Bg2 d6 8. O-O O-O
9. Bd2 Bf5 10. e4 Be6 11. Nd5 Nd4 12. b4 Nxf3+ 13. Bxf3 Bd4 14. Bc3 Bxc3 15.
Nxc3 c6 16. Qd2 Qb6 17. Qe3 Qxe3 18. fxe3 Rfd8 19. Be2 d5 20. exd5 cxd5 21. c5
d4 22. exd4 Rxd4 23. Nb5 Rd7 24. bxa5 Rxa5 25. Rfb1 Bd5 26. Kf2 Bc6 27. a4 Rd5
28. Nd6 Nd7 29. Nxb7 Bxb7 30. Rxb7 Nxc5 31. Rb8+ Kh7 32. Rb5 Rxb5 33. axb5 Nb3
34. Ra7 Nd4 35. Bf3 Rxb5 36. Be4+ f5 37. Bf3 Rb2+ 38. Ke3 Rxh2 39. Re7 Nc2# 0-1

[Event "Cto de Aragon por Equipos Preferente"]
[Site "?"]
[Date "2020.02.22"]
[Round "5.39"]
[White "Jimenez Fernandez, Alejandro"]
[Black "Ciriano Lamban, Alejandro"]
[Result "1-0"]
[WhiteElo "1988"]
[BlackElo "2043"]
[PlyCount "69"]
[EventDate "2020.??.??"]
[WhiteTeam "IberCaja B"]
[BlackTeam "Marcos Frechin A"]

1. d4 Nf6 2. Nf3 g6 3. c4 Bg7 4. Nc3 O-O 5. e4 d6 6. Be2 e5 7. Be3 Ng4 8. Bg5
f6 9. Bc1 Nc6 10. O-O exd4 11. Nxd4 f5 12. Nxc6 bxc6 13. exf5 gxf5 14. Bf4 Rb8
15. Qd2 Ne5 16. Rad1 Qe8 17. b3 Ng6 18. Bh6 f4 19. Bxg7 Kxg7 20. Bh5 Qd8 21.
Bxg6 hxg6 22. Qd4+ Kg8 23. f3 Rf7 24. Qxa7 Bf5 25. Qd4 Qh4 26. g4 Bd7 27. Qf2
Qh3 28. Ne4 Qh8 29. Rfe1 Qg7 30. Qd4 Qxd4+ 31. Rxd4 Re8 32. Kf2 Re5 33. c5 dxc5
34. Rxd7 Rxe4 35. Rd8+ 1-0

[Event "Cto de Aragon por Equipos Preferente"]
[Site "?"]
[Date "2020.02.22"]
[Round "5.40"]
[White "Ruiperez Gumiel, Ramon"]
[Black "Sanchez Castro, Roberto"]
[Result "1/2-1/2"]
[WhiteElo "1889"]
[BlackElo "1943"]
[PlyCount "114"]
[EventDate "2020.??.??"]
[WhiteTeam "Marcos Frechin A"]
[BlackTeam "IberCaja B"]

1. e4 g6 2. d4 Bg7 3. Nc3 d6 4. Be3 a6 5. f4 e6 6. Bd3 Ne7 7. Nf3 Nd7 8. O-O b5
9. f5 exf5 10. exf5 Nf6 11. fxg6 hxg6 12. Qd2 b4 13. Ne4 Nxe4 14. Bxe4 d5 15.
Bd3 Qd6 16. Bf4 Qb6 17. c3 Bf5 18. Rae1 f6 19. Bxf5 gxf5 20. cxb4 Kf7 21. Qc3
Rac8 22. Rc1 c6 23. Bd6 Ng6 24. Qd3 Rh5 25. Ne1 f4 26. Nf3 Re8 27. Bc5 Qb7 28.
Rce1 Rxe1 29. Rxe1 Qc8 30. Qe2 Rh8 31. a4 Re8 32. Qxe8+ Qxe8 33. Rxe8 Kxe8 34.
Kf2 Kd7 35. Ne1 Ke6 36. Kf3 Kf5 37. g4+ fxg3 38. hxg3 Ke6 39. Nd3 f5 40. Bb6
Kd7 41. Nc5+ Kc8 42. Ne6 Bh6 43. b3 Kb7 44. a5 Kc8 45. Nc5 Nf8 46. Nxa6 Ne6 47.
b5 cxb5 48. Nb4 Bg7 49. Nxd5 Nxd4+ 50. Bxd4 Bxd4 51. Kf4 Bf2 52. Ne7+ Kb7 53.
Nxf5 Ka6 54. b4 Be1 55. Nd4 Bxb4 56. g4 Bxa5 57. Nxb5 Kxb5 1/2-1/2

[Event "Cto de Aragon por Equipos Preferente"]
[Site "?"]
[Date "2020.02.22"]
[Round "5.41"]
[White "Hernandez Delgado, Gabriel"]
[Black "Buisan Zaharia, Pedro"]
[Result "1/2-1/2"]
[WhiteElo "1876"]
[BlackElo "1904"]
[PlyCount "104"]
[EventDate "2020.??.??"]
[WhiteTeam "El Olivar C"]
[BlackTeam "Jaque B"]

1. d4 d6 2. Bf4 Nf6 3. Nc3 Bf5 4. Nf3 Nbd7 5. Nh4 Bg6 6. Nxg6 hxg6 7. e4 e5 8.
Bg5 Be7 9. Be3 c6 10. dxe5 dxe5 11. f3 Qc7 12. Qe2 O-O 13. Qf2 b5 14. Be2 a5
15. O-O a4 16. a3 Qa5 17. Rfc1 b4 18. Nb1 Rfb8 19. Nd2 Nb6 20. axb4 Qxb4 21.
Ra2 Nfd7 22. c3 Qd6 23. Nc4 Qe6 24. Nxb6 Nxb6 25. Raa1 Nc4 26. Bxc4 Qxc4 27.
Qf1 Qb3 28. Qd1 Qxd1+ 29. Rxd1 a3 30. bxa3 Rxa3 31. Rxa3 Bxa3 32. Kf2 Kf8 33.
Ke2 Ke7 34. Kd3 Rd8+ 35. Kc2 Rxd1 36. Kxd1 Kd6 37. Kc2 Bc5 38. Bc1 f5 39. Bg5
Bb6 40. Kb3 Bc5 41. Kc4 Bb6 42. Bc1 Bc5 43. Bb2 Be3 44. Ba3+ c5 45. Kb5 f4 46.
Bb2 g5 47. h3 Bf2 48. Ba3 Be3 49. Bb2 Bf2 50. Kb6 Be3 51. c4 Bd4 52. Bc1 Be3
1/2-1/2

[Event "Cto de Aragon por Equipos Preferente"]
[Site "?"]
[Date "2020.02.22"]
[Round "5.42"]
[White "Roque Sola, Andrea"]
[Black "Galstyan, David"]
[Result "1/2-1/2"]
[WhiteElo "1903"]
[BlackElo "1825"]
[PlyCount "72"]
[EventDate "2020.??.??"]
[WhiteTeam "Jaque B"]
[BlackTeam "El Olivar C"]

1. c4 Nf6 2. g3 e6 3. Bg2 d5 4. d4 Be7 5. Nf3 c5 6. e3 O-O 7. O-O Nc6 8. b3 b6
9. Bb2 Bb7 10. Ne5 cxd4 11. Nxc6 Bxc6 12. Qxd4 Rc8 13. Na3 dxc4 14. Nxc4 Bxg2
15. Kxg2 Qxd4 16. Bxd4 Nd5 17. a4 Nb4 18. Rac1 Rfd8 19. Rfd1 Na2 20. Rc2 Nb4
21. Rcd2 Nd5 22. e4 Nb4 23. Be5 Nc6 24. Bd6 Bxd6 25. Rxd6 Rxd6 26. Rxd6 Kf8 27.
Rd7 Rb8 28. Nd6 f6 29. Rf7+ Kg8 30. Rc7 Nd4 31. b4 a6 32. b5 axb5 33. Nxb5 Nb3
34. f3 Nc5 35. Nc3 Ra8 36. Rc6 Nxa4 1/2-1/2

[Event "Cto de Aragon por Equipos Preferente"]
[Site "?"]
[Date "2020.02.22"]
[Round "5.43"]
[White "De La Riva Fernandez, Eduardo"]
[Black "Carrasquer Alonso, Fernando"]
[Result "0-1"]
[WhiteElo "1800"]
[BlackElo "1833"]
[PlyCount "128"]
[EventDate "2020.??.??"]
[WhiteTeam "El Olivar C"]
[BlackTeam "Jaque B"]

1. e4 d6 2. d4 Nf6 3. f3 Nbd7 4. Be3 c6 5. c4 e5 6. d5 c5 7. Qd2 Rb8 8. Nc3 Be7
9. Bd3 h6 10. Nge2 Nh5 11. O-O-O Bg5 12. g4 Nf4 13. Nxf4 exf4 14. Bxf4 Ne5 15.
Bxg5 hxg5 16. Qg2 a6 17. Be2 Qf6 18. Kb1 Bd7 19. a4 Rh4 20. h3 Ke7 21. Rh2 Ng6
22. Rdh1 Rbh8 23. Qf2 Nf4 24. Bf1 Rb8 25. Kc2 Ng6 26. Qe3 Ne5 27. Be2 b6 28.
Rf2 Ng6 29. Bd3 Rbh8 30. Rfh2 Nf4 31. Bf1 Kd8 32. Ne2 Bxa4+ 33. b3 Bd7 34. Nxf4
gxf4 35. Qc3 Qxc3+ 36. Kxc3 Kc7 37. Kb2 a5 38. Bd3 Ra8 39. Ra1 Kb7 40. Kc3 f6
41. Bf1 a4 42. b4 cxb4+ 43. Kxb4 Rhh8 44. h4 Rh7 45. h5 Rah8 46. Rg2 Rh6 47.
Be2 g6 48. g5 fxg5 49. Rxg5 gxh5 50. Rg7 R8h7 51. Rxh7 Rxh7 52. Rh1 h4 53. Bf1
h3 54. Rh2 Kc8 55. Bd3 Rg7 56. e5 dxe5 57. c5 bxc5+ 58. Kxc5 Rg2 59. Rh1 Kc7
60. d6+ Kb7 61. Bf1 Rc2+ 62. Kd5 h2 63. Kxe5 a3 64. Bd3 Rd2 0-1

[Event "Cto de Aragon por Equipos Preferente"]
[Site "?"]
[Date "2020.02.22"]
[Round "5.44"]
[White "Carrasquer Alonso, Luis"]
[Black "Jimenez Guillen, Rodrigo"]
[Result "1/2-1/2"]
[WhiteElo "1818"]
[BlackElo "1412"]
[PlyCount "55"]
[EventDate "2020.??.??"]
[WhiteTeam "Jaque B"]
[BlackTeam "El Olivar C"]

1. e4 c6 2. Nf3 d5 3. exd5 cxd5 4. d4 Bg4 5. Be2 e6 6. O-O Nc6 7. c3 Bd6 8.
Nbd2 Nge7 9. Re1 Qc7 10. Nf1 O-O-O 11. Ne5 Bxe2 12. Qxe2 Bxe5 13. dxe5 h6 14.
Nd2 d4 15. Nf3 d3 16. Qe4 Ng6 17. Be3 Ngxe5 18. Nxe5 Qxe5 19. Qxe5 Nxe5 20.
Bxa7 Nc4 21. Rab1 b6 22. b3 Na3 23. Bxb6 Nxb1 24. Bxd8 Nxc3 25. Rc1 Rxd8 26.
Rxc3+ Kb7 27. Rc1 d2 28. Rd1 1/2-1/2

[Event "Cto de Aragon por Equipos Preferente"]
[Site "?"]
[Date "2020.02.22"]
[Round "5.45"]
[White "Sig Vargas, Pablo"]
[Black "Lopez Caudevilla, David"]
[Result "1/2-1/2"]
[WhiteElo "1900"]
[BlackElo "2163"]
[PlyCount "100"]
[EventDate "2020.??.??"]
[WhiteTeam "Enroque Barbastro"]
[BlackTeam "Actur Rey Fernando"]

1. e4 g6 2. d4 Bg7 3. Nc3 c6 4. Bd3 d5 5. Nf3 Nf6 6. Be3 O-O 7. h3 dxe4 8. Nxe4
Nd5 9. Bd2 Qc7 10. Qc1 Nd7 11. O-O e5 12. Bh6 Nf4 13. Bxg7 Kxg7 14. dxe5 Nxd3
15. cxd3 Nxe5 16. Nxe5 Qxe5 17. Qc3 Qxc3 18. bxc3 b6 19. Rfe1 Ba6 20. Re3 c5
21. Rae1 Rad8 22. c4 Rd7 23. f3 Rfd8 24. Nf2 Bb7 25. Re8 Bc6 26. Rxd8 Rxd8 27.
Re7 Bd7 28. Kf1 Kf8 29. Re5 Bf5 30. Ke2 f6 31. Re3 Kf7 32. Nd1 Bd7 33. Nc3 Bc6
34. Kd2 g5 35. Re1 h5 36. Ne4 Bxe4 37. Rxe4 Re8 38. Ke3 Re6 39. Rxe6 Kxe6 40.
g3 a6 41. a4 f5 42. f4 g4 43. h4 Kd6 44. Kd2 Kc6 45. Kc3 b5 46. axb5+ axb5 47.
cxb5+ Kxb5 48. Kb3 Kb6 49. Kc4 Kc6 50. d4 cxd4 1/2-1/2

[Event "Cto de Aragon por Equipos Preferente"]
[Site "?"]
[Date "2020.02.22"]
[Round "5.46"]
[White "Abos Rosico, Antonio"]
[Black "Campo Pelegrin, Ramon"]
[Result "1-0"]
[WhiteElo "2083"]
[BlackElo "1778"]
[PlyCount "77"]
[EventDate "2020.??.??"]
[WhiteTeam "Actur Rey Fernando"]
[BlackTeam "Enroque Barbastro"]

1. e4 e5 2. Nf3 Nc6 3. Bc4 Be7 4. d4 d6 5. dxe5 dxe5 6. Qxd8+ Bxd8 7. Nc3 Nge7
8. Be3 a6 9. O-O-O O-O 10. Nd5 Bg4 11. h3 Bh5 12. a3 Bg6 13. Nd2 Nc8 14. f3 Nd6
15. Ba2 b6 16. Nf1 Ne7 17. Nxb6 cxb6 18. Rxd6 Rb8 19. g4 Kh8 20. Ng3 Nc8 21.
Rd7 Be7 22. h4 f6 23. Nf5 Bxf5 24. gxf5 a5 25. h5 b5 26. Rg1 h6 27. Bd5 b4 28.
a4 Rd8 29. Rxd8+ Bxd8 30. Bxh6 Nb6 31. Bxg7+ Kh7 32. Bb3 Be7 33. h6 Rc8 34. Rg6
Rc6 35. Bg8+ Kxg8 36. Bxf6+ Kf7 37. Bxe7 Rxg6 38. fxg6+ Kxg6 39. b3 1-0